000 00658nam a2200229 a 4500
008
020 _a0750625953 (pbk.)
049 _aMAIN
090 _aTA147
100 1 _aTooley, Mike.
245 1 0 _aEngineering GNVQ :
_badvanced /
_cedited by Mike Tooley ;
_cauthors John Bird...et al.
260 _aOxford :
_bNewnes,
_c1996.
300 _a630 p. :
_bill. ;
_c27 cm.
440 _aGNVQ general.
500 _aIncludes index.
650 _aEngineering
_xStudy and teaching.
907 _a.b10120294
_b25-01-07
_c03-05-04
003
005 20230123134215.0
040 _cNUST
942 _cBOOKS
_kTA147
999 _c161895
_d161895